000 01601nam a22004337a 4500
003 OSt
005 20230607125501.0
008 221006b |||||||| |||| 00| 0 eng d
040 _cBiblioteca Lado V
082 _a700
_bV217p
100 _9285
_aVan der Plas, Els
_eeditor
245 _aPrince Claus Fund/
_bJournal #1/
260 _aFonds C
_c1998
_bLondres
300 _c17x24cm
_a72p.
366 _espa
490 _a1
_v1998
_x1388 5456
505 _tOrganisation of the Prince Claus Fund
505 _tThe prince Claus Found Journal
505 _tLe Journal de la Fondation Prince Claus
505 _tProfile of the Prince Claus Fund
505 _tProfil de la Fondation Prince Claus
505 _tThe 1997 Prince Clause Awards
505 _tZimbabwean Lives
505 _tAn Architecture for a Latitude
505 _tFaut-il encore souhaiter
505 _tDeveloppements actuels en relation avec
505 _tLe temps des ecrivains: des livres et des racines
505 _tWorks of Art
505 _tFor the Transcultural Record
505 _tInternationalism and the Arts
505 _tActivities supported by the Prince Claus Fund
650 _2Tesauro de Arte & Arquitectura
_aARTE
_9703
650 _2Tesauro de Arte & Arquitectura
_aPREMIOS PRINCIPE CLAUS
_9702
650 _2Tesauro de Arte & Arquitectura
_aARQUITECTURA
_9702
650 _2Tesauro de Arte & Arquitectura
_aARTE CONTEMPORANEO
650 _2Tesauro de Arte & Arquitectura
_aEXPOSICION
700 _aNavarreta, Jose Antonio
_eeditor
942 _2ddc
_c1
_h700
_iV217p
_n0
999 _c3809
_d3809